000 00539nam a22001937a 4500
005 20260603153528.0
010 _aENG-148720
020 _a9789392210785
_c250.00
035 _aEN-132252
037 _bDBAD
082 _aS
_21
100 _aDoyle, Arthur Conan
245 _aThe Adventures of Sherlock Holmes/
_cArthur Conan Doyle
250 _a1
260 _aChandigarh
_bThe Browser
_c2024
270 _bChandigarh
_aSCO 14-15, Sector 8-C
_e160009
_mservice@thebrowser.org
300 _a292p.
_c21cm(Pb)
942 _2ddc
_cEN
_hS
_mDOY
999 _c216480
_d216480